Half lion: (Record no. 102171)
[ view plain ]
| 000 -LEADER | |
|---|---|
| fixed length control field | 00880nam a22002417a 4500 |
| 005 - DATE AND TIME OF LATEST TRANSACTION | |
| control field | 20221226120305.0 |
| 010 ## - LCCN (DPL NO) | |
| LC control number | 1617EN ENG-117021 ENG-135941 |
| 020 ## - INTERNATIONAL STANDARD BOOK NUMBER | |
| International Standard Book Number | 9780670088225 |
| Terms of availability | 699.00 |
| 035 ## - SYSTEM CONTROL NUMBER | |
| System control number | B-648121-126 |
| 035 ## - SYSTEM CONTROL NUMBER | |
| System control number | EN-100553 |
| 035 ## - SYSTEM CONTROL NUMBER | |
| System control number | EN-119473 |
| 037 ## - SOURCE OF ACQUISITION | |
| Stock number | DPL |
| Source of stock number/acquisition | Pancy Books |
| 037 ## - SOURCE OF ACQUISITION | |
| Source of stock number/acquisition | DBAD/PUB |
| 082 ## - DEWEY DECIMAL CLASSIFICATION NUMBER | |
| Classification number | 920 |
| 100 ## - MAIN ENTRY--PERSONAL NAME | |
| Personal name | Sitapati, Vinay |
| 245 ## - TITLE STATEMENT | |
| Title | Half lion: |
| Statement of responsibility, etc | by Vinay Sitapati |
| Remainder of title | how P.V.Narasimha Rao transformed India / |
| 260 ## - PUBLICATION, DISTRIBUTION, ETC. (IMPRINT) | |
| Place of publication, distribution, etc | Gurgaon |
| Name of publisher, distributor, etc | Penguin Books |
| Date of publication, distribution, etc | 2016 |
| 270 ## - ADDRESS | |
| Address | 7th floor, infinity Toer C, DLF Cyber City |
| City | Gurgaon (Haryana) |
| Postal code | 122002 |
| 300 ## - PHYSICAL DESCRIPTION | |
| Extent | 391p. |
| Dimensions | 24cm(Hb) |
| 500 ## - GENERAL NOTE | |
| General note | Includes notes and index |
| 942 ## - ADDED ENTRY ELEMENTS (KOHA) | |
| Source of classification or shelving scheme | Dewey Decimal Classification |
| Item type | English Books |
| Classification part | 920 |
| Call number suffix | VIN |
| Withdrawn status | Lost status | Not for loan | Collection code | Home library | Current library | Date acquired | Source of acquisition | Cost, normal purchase price | Full call number | Barcode | Copy number | Cost, replacement price | Koha item type | Public note |
|---|---|---|---|---|---|---|---|---|---|---|---|---|---|---|
| Not For Loan | Non-fiction | D.B.Act.Division | Bawana | 06/01/2017 | DBAD/PUB | 699.00 | 920 VIN | EN-100553 | 1 | 699.00 | English Books | |||
| Non-fiction | Bawana | Bawana | 26/12/2022 | DBAD/PUB | 699.00 | 920 VIN | EN-119473 | 1 | 699.00 | English Books | ||||
| Non-fiction | Central Library | Central Library | 23/02/2017 | BPPD/EN/2016-17/298/24.11.2016/1606/28.11.2016/2.1.2017 | 699.00 | 920 VIN | B-648121 | 1 | 699.00 | English Books | ||||
| Non-fiction | Janak Puri | Janak Puri | 23/02/2017 | BPPD/EN/2016-17/298/24.11.2016/1606/28.11.2016/2.1.2017 | 699.00 | 920 VIN | B-648124 | 1 | 699.00 | English Books | ||||
| Written off | Non-fiction | Karol Bagh | Karol Bagh | 23/02/2017 | BPPD/EN/2016-17/298/24.11.2016/1606/28.11.2016/2.1.2017 | 699.00 | 920 VIN | B-648125 | 1 | 699.00 | English Books | Written off on approval by DLB (By Circulation); dtd 20.12.2022 | ||
| Non-fiction | Kasturba Gandhi Marg | Kasturba Gandhi Marg | 23/02/2017 | BPPD/EN/2016-17/298/24.11.2016/1606/28.11.2016/2.1.2017 | 699.00 | 920 VIN | B-648123 | 1 | 699.00 | English Books | ||||
| Non-fiction | Patel Nagar | Patel Nagar | 23/02/2017 | BPPD/EN/2016-17/298/24.11.2016/1606/28.11.2016/2.1.2017 | 699.00 | 920 VIN | B-648122 | 1 | 699.00 | English Books | ||||
| Non-fiction | Shahdara Branch | Shahdara Branch | 23/02/2017 | BPPD/EN/2016-17/298/24.11.2016/1606/28.11.2016/2.1.2017 | 699.00 | 920 VIN | B-648126 | 1 | 699.00 | English Books |
